000 00695nam a2200217Ia 4500
003 GCL
008 140319s9999 xx 000 0 ara d
040 _aGCL /
_cGCL
082 0 4 _a953.01
_bس ت
100 1 _aسعد زغلول عبدالحميد
245 1 0 _aفى تاريخ العرب قبل الاسلام /
_cسعد زغلول عبدالحميد
260 _a[S.N] :
_bدار النهضة العربية للطباعة والنشر
300 _a432 ص
490 _a
650 0 4 _aالعصر الجاهلى
650 0 4 _aالجاهلية
650 0 4 _aشبه الجزيرة العربية
650 0 4 _aالعرب
650 0 4 _aالقبائل العربية
942 _2ddc
_cBK
999 _c37253
_d37253